Shortest Words - I - Statistics

General Stats
  • This quiz has been taken 52 times
  • The average score is 17 of 26
Answer Stats
Answer % Correct
I
100%
it
98%
in
96%
is
96%
id
93%
if
89%
ill
83%
ice
76%
ire
70%
ich
67%
ick
67%
ink
65%
ion
63%
ins
61%
its
61%
icy
59%
ids
57%
inn
57%
irk
57%
imp
52%
ifs
50%
ilk
50%
ivy
48%
iff
43%
ism
35%
igg
30%
No matching quizzes found
Score Distribution
Percent of People with Each Score
Percentile by Number Answered
Your Score History
You have not taken this quiz